| 000 | 00664nam a22001577a 4500 | ||
|---|---|---|---|
| 041 | _aeng | ||
| 080 | _a33 | ||
| 090 | _bAAA | ||
| 100 | _aAll About Accounting | ||
| 245 | _aThe English-Russian Vocabulary of Economic Terms Published in All About Accounting | ||
| 260 |
_bAll About Accounting _c2002 |
||
| 300 | _a58 | ||
| 520 |
_aThe English-Russian vocabulary includes the most frequently used and most essential words and phrases in economics that have been published in All About Accounting. The vocabulary is user-friendly and does not require you to use any specific manual along with it. _0vocabulary, accounting |
||
| 650 | _aReference | ||
| 999 |
_c281990 _d281990 |
||
| 942 | _cBK | ||